000 00524nmm a2200157Ia 4500
008 251105s9999||||xx |||||||||||||||||und||
020 _a9972427757
041 _aspa
100 _aSalmón, Elizabeth (ed.)
245 0 _aMiradas que construyen :
_b Perspectivas multidisciplinarias sobre los derechos humanos
264 _a[Lima, Peru] :
_bPontificia Universidad Católica de Perú,
_c2006
300 _a229 páginas
650 _aCultural Studies
856 _uhttps://public.digitaliapublishing.com/a/9719
942 _cCF
999 _c98274
_d98274